|
|
|
|
| LEADER |
01248nam a22003372a 4500 |
| 001 |
000157173 |
| 003 |
CZ BrMZK |
| 005 |
20071126134344.0 |
| 007 |
ta |
| 008 |
950101s1987 xr f cze d |
| 015 |
|
|
|a cnb000039183
|
| 020 |
|
|
|q (Brož.) :
|c 5 Kčs
|
| 035 |
|
|
|a (OCoLC)39402691
|
| 040 |
|
|
|a ABA001
|b cze
|d ABA001
|
| 080 |
9 |
|
|a 539.3/.4
|
| 100 |
1 |
|
|a Cyrus, Pavel,
|d 1949-
|7 mzk2003173192
|4 aut
|
| 245 |
1 |
0 |
|a Principy a systémy II :
|b pružnost, pevnost - příklady /
|c Pavel Cyrus
|
| 250 |
|
|
|a 1. vyd.
|
| 260 |
|
|
|a Hradec Králové :
|b Pedagogická fakulta,
|c 1987
|
| 300 |
|
|
|a 53 s. :
|b il. ;
|c 29 cm
|
| 490 |
1 |
|
|a Učební texty vysokých škol
|
| 504 |
|
|
|a Obsahuje bibliografii
|
| 500 |
|
|
|a 250 výt.
|
| 810 |
2 |
|
|a Pedagogická fakulta v Hradci Králové.
|t Učební texty
|0 s
|
| 910 |
|
|
|a BOA001
|b 4-0927.783
|
| 964 |
|
|
|s Pružnost - pevnost - učebnice - vysoké školy
|
| 990 |
|
|
|a BK
|
| 991 |
|
|
|b 200711
|
| 996 |
7 |
|
|b 2619929443
|c 4-0927.783
|l MZK
|r Sklad / do 1 hodiny
|n 0
|w 000157173
|u 000020
|a 1
|e BOA001
|j MZK50
|s A
|
| 996 |
6 |
|
|b 2619929444
|c 4-0927.783
|l MZK
|r Sklad / do 1 hodiny
|n 0
|w 000157173
|u 000030
|a 1
|e BOA001
|j MZK50
|s P
|
| 996 |
7 |
|
|b 2619935935
|c 4-0927.783
|l MZK
|r Sklad / do 1 hodiny
|n 0
|w 000157173
|u 000010
|a 1
|e BOA001
|j MZK50
|s A
|